000 01206nam a22003737a 4500
003 CHAP
005 20220817043153.0
008 971013s1981 r 00010 d
010 _a67386
011 _a68358
035 _a77830
040 _cCHAP
090 _aFolleto 12011
100 0 0 _aDimov, S. L.
_932607
245 _aTechnology of storage and mechanization of work in vegetable storehouses
260 _aNew York :
_bUnited Nations,
_c1981
300 _a[28] p.
_b: gráfs.
490 _aAGRI/MECH report
_v; 87
500 _a24-13
590 _aBATCH-UPD
_b10
_c20130109
_lUCH01
_h2316
590 _aBATCH-UPD
_b10
_c20130110
_lUCH01
_h0445
590 _aBATCH-UPD
_b10
_c20130110
_lUCH01
_h2329
590 _aBATCH-UPD
_b10
_c20130410
_lUCH01
_h0121
590 _aBATCH-UPD
_b10
_c20130410
_lUCH01
_h1619
590 _aBATCH-UPD
_b10
_c20130913
_lUCH01
_h1956
590 _aCONVERSION
_b10
_c20130109
_lUCH01
_h1337
650 1 4 _aLegumbres
_xAlmacenamiento.
_965682
650 1 4 _aMaquinaria agrícola.
_971151
710 0 _aComisión Económica Europea.
_925710
830 0 _aAGRI - MECH report
_v; 87
901 _aBK
942 _cFOLL
949 _aFolleto 12011
_bBC
_cFOLL
_d-30702
_eTS1
_i77830
_si
999 _c67386
_d67386